Shakespeare speeches: To be or not to be - Statistics

General Stats
  • This quiz has been taken 52 times
  • The average score is 168 of 262
Answer Stats
Answer % Correct
a
100%
be,
100%
be
100%
is
100%
no
100%
or
100%
question:
100%
th'
100%
that
100%
the
100%
To
100%
to
100%
to:
100%
not
96%
Whether
93%
nobler
89%
and
85%
in
85%
mind
85%
death
81%
death,
81%
dream -
81%
For
81%
sleep,
81%
sleep
81%
sleep;
81%
'tis
81%
arrows
78%
die -
78%
die
78%
fortune,
78%
of
78%
of?
78%
suffer
78%
more;
74%
perchance
74%
rub:
74%
slings
74%
there's
74%
end
70%
outrageous
70%
them.
70%
we
70%
when
70%
by
67%
this
67%
troubles
67%
what
67%
against
63%
arms
63%
come,
63%
dreams
63%
have
63%
he
63%
may
63%
opposing
63%
say
63%
sea
63%
coil,
59%
flesh
59%
heir
59%
life.
59%
life,
59%
mortal
59%
so
59%
take
59%
Thus
59%
thus
59%
who
59%
Who
59%
aye
56%
devoutly
56%
off
56%
shuffled
56%
wish'd.
56%
all,
52%
make
52%
must
52%
but
48%
from
48%
heart-
48%
know
48%
thousand
48%
us
48%
with
48%
ache
44%
bear
44%
bear,
44%
give
44%
long
44%
time,
44%
would
44%
doth
41%
makes
41%
man's
41%
natural
41%
pause -
41%
shocks
41%
traveller
41%
conscience
37%
consumation
37%
country
37%
cowards
37%
his
37%
love,
37%
might
37%
oppressor's
37%
returns,
37%
scorns
37%
whips
37%
whose
37%
will
37%
wrong,
37%
bare
33%
bodkin?
33%
calamity
33%
contumely,
33%
fardels
33%
o'er
33%
quietus
33%
than
33%
those
33%
undiscover'd
33%
bourne
30%
delay,
30%
fly
30%
great
30%
ills
30%
insolence
30%
law's
30%
lose
30%
office,
30%
proud
30%
rather
30%
something
30%
thought,
30%
weary
30%
action.
26%
after
26%
awry
26%
cast
26%
dread
26%
himself
26%
hue
26%
native
26%
others
26%
pale
26%
pangs
26%
resolution
26%
their
26%
turn
26%
under
26%
grunt
22%
moment
22%
name
22%
patient
22%
pith
22%
puzzles
22%
regard
22%
respect
22%
sicklied
22%
spurns
22%
sweat
22%
takes,
22%
unworthy
22%
currents
19%
enterprises
19%
merit
19%
dispriz'd
11%
No matching quizzes found
Score Distribution
Percent of People with Each Score
Percentile by Number Answered
Your Score History
You have not taken this quiz